Servir a vontade política expressa pelo povo (Registo nº 4375)
[ vista simples ]
| 000 -Etiqueta do registo | |
|---|---|
| Valores | 00838nam a22001811i 4500 |
| 090 ## - | |
| -- | 4375 |
| 100 ## - Dados gerais de processamento | |
| Dados gerais | 20170304u u u0frey50 ba |
| 101 0# - Língua de publicação | |
| -- | por |
| 200 1# - Titulo e menção de responsabilidade | |
| Título próprio | Servir a vontade política expressa pelo povo |
| 215 ## - Descrição física | |
| Paginação / Volumes | 10, [2] p. |
| Dimensões | 21 cm |
| 210 ## - Publicação | |
| Nome do editor | Direcção-Geral da Divulgação |
| Data de publicação | imp. 1979 |
| 300 ## - Notas gerais | |
| Texto da nota | Exemplar nÇ 0004753 em depósito / caixa 165 |
| 327 ## - Nota de conteúdo | |
| Texto da nota | Discurso do Presidente da República, general Ramalho Eanes, proferido através da rádio e da televisão, em 12 de setembro de 1979 |
| 712 02 - Autor secundário (colectividade) | |
| Nome da entidade | Portugal. Presidente da República, 1976-1986 (António Ramalho Eanes) |
| -- | 070 |
| 996 ## - ISO2709 | |
| -- | 0004753 |
| -- | SER |
| -- | 00000000 |
| -- | 00000000 |
| -- | BMVA |
| -- | 1 |
| -- | Depósito |
| -- | Politica Portuguesa |
| -- | 33 |
| -- | Livro |
| -- | 0 |
| -- | 1 |
| 996 ## - ISO2709 | |
| -- | 0020708 |
| -- | SER |
| -- | 00000000 |
| -- | 00000000 |
| -- | BMVAAL |
| -- | 3 |
| -- | Alcáçovas |
| -- | Politica Portuguesa |
| -- | 33 |
| -- | Livro |
| -- | 0 |
| -- | 1 |
| 990 ## - Elementos KOHA | |
| Tipo de documento | Livro |
| Situação do levantamento | Estado | Biblioteca de origem | Biblioteca de empréstimo | Localização na Estante | Código de barras | Cota | Permissão de empréstimo | Tipo de documento | Nota relativa ao exemplar |
|---|---|---|---|---|---|---|---|---|---|
| Completo | Biblioteca Municipal de Viana Do Alentejo Pólo Alcáçovas | Biblioteca Municipal de Viana Do Alentejo | Depósito | 0005759 | SER | Disponível | Livro | Cx.214 vnt |